000 00256nam a2200109Ia 4500
100 _aMachinery yellow back series
942 _cBK
654 _aFixtures
245 _aAir Chucks & Fixtures No.2
260 _bMachinery Publication
_c2001
546 _aENGLISH
999 _c27518
_d27518